| 000 | 00000nam##2200000za#4500 |
| 001 | 9.577393 |
| 003 | CaOODSP |
| 005 | 20210624185606 |
| 007 | cr ||||||||||| |
| 008 | 150406|2000||||xxc|||||o f|0| 0 eng|d |
| 040 | |aCaOODSP|beng |
| 043 | |an-cn--- |
| 086 | 1 |aFs97-13/1077E-PDF |
| 110 | 1 |aCanada. |bDepartment of Fisheries and Oceans. |
| 245 | 10|aResults of beach, purse, and pole seine surveys at the Courtenay River Estuary and Baynes Sound, Courtenay, B.C., 2000 / |h[electronic resource]|cby J.A. Jenkins ... [et al.] |
| 260 | |aNanaimo - British Columbia : |bFisheries and Oceans Canada |c2000. |
| 300 | |a45p.|bfigs., references, tables |
| 490 | 1 |aCanadian data report of fisheries and aquatic sciences|vNo. 1077 |
| 500 | |aOn t.p.: Pacific Biological Station, Nanaimo, British Columbia. The catalogue number and ISSN for the print edition appear in the PDF version. |
| 546 | |a(Résumé en français) |
| 590 | |a13-22-Supp|b2013-09-26 |
| 720 | 1 |aJenkins, J. A |
| 830 | #0|aCanadian data report of fisheries and aquatic sciences ;|vNo. 1077|w(CaOODSP)9.505124 |
| 856 | 40|ahttp://publications.gc.ca|qPDF|s4341 KB|uhttps://publications.gc.ca/collections/collection_2013/mpo-dfo/Fs97-13-1077-eng.pdf|yNo. 1077 |